Transportes industriales: medios e instalaciones para la excavación, remoción, elevación y transporte de materias y materiales a granel, o de cargas en bultos sueltos

Guardat en:
Dades bibliogràfiques
Autors principals: Williamson, M. M (Autor), Williamson, G. M (Autor)
Format: Llibre
Idioma:espanyol
Publicat: Barcelona Reverté 1950
Matèries:
Etiquetes: Afegir etiqueta
Sense etiquetes, Sigues el primer a etiquetar aquest registre!

MARC

LEADER 00000nam a2200000 a 4500
001 UCU5830
003 CL-VaPUC
008 960614e19500000SP |||||||||||||||||spa|d
082 0 4 |a 629.04  |b WIL  |2 21 
100 0 |a Williamson, M. M  |e author  |9 363861 
700 0 |a Williamson, G. M  |e author  |9 363862 
245 1 0 |a Transportes industriales: medios e instalaciones para la excavación, remoción, elevación y transporte de materias y materiales a granel, o de cargas en bultos sueltos 
300 |a 559 p 
942 |c BK 
945 |d 19960614 00:00:00  |a cmena 
260 |a Barcelona  |b Reverté  |c 1950 
650 7 |a TRANSPORTE  |2 CL-VaPUC  |9 256365 
650 7 |a INFRAESTRUCTURAS TRANSPORTE  |2 CL-VaPUC  |9 358676 
650 7 |a SERVICIOS DE TRANSPORTE  |2 CL-VaPUC  |9 358013 
650 0 |a Maquinaria  |9 260482 
650 7 |a MAQUINARIA PARA MOVIMIENTO DE TIERRAS  |2 CL-VaPUC  |9 266898 
650 7 |a ELEVADORES  |2 CL-VaPUC  |9 363857 
650 7 |a MAQUINAS CARGADORAS  |2 CL-VaPUC  |9 363863 
650 0 |a Ingeniería mecánica   |9 262089 
650 7 |a TRANSPORTADORES  |2 CL-VaPUC  |9 363864 
650 7 |a EQUIPO HIDRAULICO  |2 CL-VaPUC  |9 363865 
583 |a last modification  |c 19960614 00:00:00  |k Rodrigo Vera 
999 |c 249007  |d 249005 
952 |0 0  |1 0  |4 0  |6 629_040000000000000_WIL_1950  |7 0  |8 A  |9 265998  |a BIBING  |b BIBING  |d 2019-11-19  |i 1679716  |o 629.04 WIL 1950  |p 1679716  |r 2025-01-20  |w 2019-11-19  |y BK  |k CCL